00239 a2200121 4500001000700000020000600007040001100013100004100024240002000065245001500085300000800100362000900108183359 a  cMagnum aBiological Sciences Curriculum Study10aBiologia 1lpor10aBiologia 1 a2780 a1970